000
00282nam a22001337a 4500
008
180925b xxu||||| |||| 00| 0 eng d
020
_a
0070355398
041
_a
eng
080
_a
541
100
_a
12
101
_a
KIM
245
_a
Chemistry
_c
Kroschwqitz, J.I
942
_2
udc
_c
BK
999
_c
48432
_d
48432